[Event "2010 Standard Chess Dropout Tournament, Round 4"]
[Site "SchemingMind.com"]
[Date "2011.01.22"]
[Round "4"]
[White "saxon"]
[Black "wilfried"]
[Result "1/2-1/2"]
[WhiteCountry "GER"]
[BlackCountry "GER"]
[WhiteElo "2471"]
[WhiteRD "109"]
[BlackElo "2424"]
[BlackRD "106"]
[GameID "273441"]

1. d4 d5 2. c4 c6 3. Nf3 Nf6 4. Nc3 dxc4 5. a4 Bf5 6. Ne5 Nbd7 7. Nxc4 Qc7 8. g3 e5 9. dxe5 Nxe5 10. Bf4 Nfd7
11. Bg2 f6 12. O-O O-O-O 13. Qc1 Be6 14. Nxe5 Nxe5 15. Qe3 Qb6 16. Qxb6 axb6 17. a5 bxa5 18. Bxe5 fxe5 19. Rxa5 Bd6 20. Ne4 Kc7
21. Nxd6 Kxd6 22. Rc1 Bg4 23. f3 Be6 24. b4 Bd5 25. e4 Bb3 26. Rc3 Bf7 27. f4 exf4 28. gxf4 Kc7 29. Rg5 Rd1+ 30. Kf2 g6
31. b5 Rhd8 32. bxc6 bxc6 33. Ke3 Re1+ 34. Kf3 Red1 35. Rgc5 R1d3+ 36. Kg4 Rxc3 37. Rxc3 Rd2 38. Bf3 Rxh2 39. e5 Be8 40. Kg5 Rd2
41. Kf6 Rd4 42. Ke7 Bd7 43. e6 Bc8 44. Rxc6+ Kb8 45. f5 gxf5 46. Kf6 Bxe6 47. Kxe6 Rd3 48. Bd5 h5 49. Kd6 Ka7 50. Rc8=
1/2-1/2

[Event "2010 Standard Chess Dropout Tournament, Round 4"]
[Site "SchemingMind.com"]
[Date "2011.01.22"]
[Round "4"]
[White "wilfried"]
[Black "pattSir"]
[Result "1/2-1/2"]
[WhiteCountry "GER"]
[BlackCountry "GER"]
[WhiteElo "2420"]
[WhiteRD "105"]
[BlackElo "2454"]
[BlackRD "136"]
[GameID "273442"]

1. d4 Nf6 2. c4 c5 3. d5 b5 4. cxb5 a6 5. bxa6 Bxa6 6. Nc3 g6 7. e4 Bxf1 8. Kxf1 d6 9. Nf3 Bg7 10. g3 Nbd7
11. Kg2 O-O 12. a4 Qb6 13. Qe2 Rfb8 14. Nb5 Rb7 15. Bd2 Ne8 16. Rhb1 Nc7 17. Nxc7 Qxc7 18. Ra2 Rb3 19. a5 Qb7 20. a6 Qc8
21. h4 Rb6 22. Rba1 Rxb2 23. Rxb2 Bxb2 24. Ra2 Bg7 25. a7 h6 26. h5 g5 27. Nh2 Nf6 28. Bc3 Qc7 29. Bxf6 Bxf6 30. Ng4 Kg7
31. Qa6 Bd4 32. Ra4 Qd7 33. Kh3 c4 34. Qxc4 Bc5 35. Qc3+ f6 36. Ra2 Qe8 37. Ne3 Qxh5+=
1/2-1/2

[Event "2010 Standard Chess Dropout Tournament, Round 4"]
[Site "SchemingMind.com"]
[Date "2011.01.21"]
[Round "4"]
[White "John M. Sargent"]
[Black "chesshub"]
[Result "1-0"]
[WhiteCountry "ENG"]
[BlackCountry "FRA"]
[WhiteElo "2383"]
[WhiteRD "93"]
[BlackElo "2423"]
[BlackRD "79"]
[GameID "273443"]

1. e4 e5 2. Nf3 Nc6 3. Bb5 a6 4. Bxc6 dxc6 5. O-O f6 6. d4 exd4 7. Nxd4 c5 8. Nb3 Qxd1 9. Rxd1 Bd6 10. Na5 b6
11. Nc4 Be7 12. Bf4 Be6 13. b3 Rc8 14. Nc3 Bd8 15. Rd2 Ne7 16. Rad1 O-O 17. Ne3 g5 18. Bg3 h5 19. h4 Ng6 20. hxg5 h4
21. Rxd8 Rfxd8 22. Rxd8+ Rxd8 23. Bxc7 Rc8 24. Bxb6 fxg5 25. Ncd5 Bxd5 26. exd5 Kf8 27. Ng4 Ke7 28. c4 Nf8 29. Ba5 Kf7 30. Bd2 Re8
31. Bxg5 Re2 32. Bxh4 Rxa2 33. Ne5+ Ke8 34. g4 Rb2 35. f4 Rxb3 36. Be1 Re3 37. Kf2 Re4 38. Bd2 Nd7 39. Nxd7 Kxd7 40. g5 Rxc4
41. g6 Ke8 42. Be3
1-0

[Event "2010 Standard Chess Dropout Tournament, Round 4"]
[Site "SchemingMind.com"]
[Date "2011.01.22"]
[Round "4"]
[White "chesshub"]
[Black "Sebastian Strauchler"]
[Result "1/2-1/2"]
[WhiteCountry "FRA"]
[BlackCountry "ARG"]
[WhiteElo "2416"]
[WhiteRD "77"]
[BlackElo "2166"]
[BlackRD "100"]
[GameID "273444"]

1. e4 c5 2. Nf3 Nc6 3. Nc3 g6 4. d4 cxd4 5. Nxd4 Bg7 6. Be3 Nf6 7. Bc4 O-O 8. Bb3 d6 9. f3 Bd7 10. Qd2 Nxd4
11. Bxd4 b5 12. h4 a5 13. a4 bxa4 14. Nxa4 Be6 15. Nb6 Ra6 16. Nd5 Bxd5 17. exd5 Qc7 18. Ra4 Rb8 19. Kf2 h5 20. Re1 Ne8
21. Bxg7 Nxg7 22. g4 Qd8 23. Qe3 Rb7 24. Rea1 Ra8=
1/2-1/2

[Event "2010 Standard Chess Dropout Tournament, Round 4"]
[Site "SchemingMind.com"]
[Date "2011.01.22"]
[Round "4"]
[White "Sebastian Strauchler"]
[Black "khayman"]
[Result "0-1"]
[WhiteCountry "ARG"]
[BlackCountry "ENG"]
[WhiteElo "2168"]
[WhiteRD "105"]
[BlackElo "2450"]
[BlackRD "113"]
[GameID "273445"]

1. e4 c5 2. Nf3 d6 3. d4 cxd4 4. Nxd4 Nf6 5. Nc3 a6 6. f3 e5 7. Nb3 Be6 8. Be3 h5 9. Nd5 Bxd5 10. exd5 Nbd7
11. Qd2 g6 12. O-O-O Bg7 13. Kb1 O-O 14. Na5 Qc7 15. Be2 Rac8 16. c4 e4 17. Rc1 Nc5 18. Rhe1 Rfe8 19. b4 Ncd7 20. Bd4 exf3
21. Bxf3 Kh7 22. Rcd1 Rxe1 23. Rxe1 Re8 24. Rxe8 Nxe8 25. Be2 Be5 26. g4 hxg4 27. Bxg4 f5 28. Be2 Nef6 29. Bf3 Bxd4 30. Qxd4= Qd8
31. Nb3 b6 32. Qh4+ Kg8 33. Nd4 Qe7 34. Qg3 Kf7 35. Ne6 Ne5 36. Ng5+ Ke8 37. Ne6 Qh7 38. Ng5 Qh8 39. Be2 Ke7 40. Qf2 Nfd7
41. Qf4 Qf6 42. Ne6 Nf7 43. Nd4 Qg5 44. Nc6+ Kf6 45. Qd4+ Nfe5 46. Kc2 f4 47. h3 Kg7 48. Bg4 Qf6 49. Nxe5 Nxe5 50. Be2 Qf5+
51. Kb2 Qxh3 52. Qxf4 Qg2 53. Qf1 Qe4 54. Kc3 Qe3+ 55. Kc2 g5 56. Qd1 g4 57. Qd2 Qe4+ 58. Kb3 Kg6 59. c5 bxc5 60. bxc5 g3
61. c6 g2 62. c7 g1=Q 63. c8=Q Qb6+ 64. Ka3 Qbe3+
0-1

[Event "2010 Standard Chess Dropout Tournament, Round 4"]
[Site "SchemingMind.com"]
[Date "2011.01.20"]
[Round "4"]
[White "khayman"]
[Black "Saiidcd"]
[Result "1-0"]
[WhiteCountry "ENG"]
[BlackCountry "LBN"]
[WhiteElo "2402"]
[WhiteRD "114"]
[BlackElo "2106"]
[BlackRD "79"]
[GameID "273446"]

1. e4 c5 2. Nf3 d6 3. d4 cxd4 4. Nxd4 Nf6 5. Nc3 a6 6. Be3 e6 7. f3 b5 8. Qd2 Nbd7 9. g4 h6 10. O-O-O Bb7
11. h4 b4 12. Na4 Qa5 13. b3 Nc5 14. a3 Nxa4 15. axb4 Qc7 16. bxa4 d5 17. e5 Nd7 18. f4
1-0

[Event "2010 Standard Chess Dropout Tournament, Round 4"]
[Site "SchemingMind.com"]
[Date "2011.01.21"]
[Round "4"]
[White "Saiidcd"]
[Black "soundso"]
[Result "0-1"]
[WhiteCountry "LBN"]
[BlackCountry "USA"]
[WhiteElo "2106"]
[WhiteRD "79"]
[BlackElo "1863"]
[BlackRD "87"]
[GameID "273447"]

1. e4 d5 2. exd5 Qxd5 3. Nc3 Qd6 4. d4 Nf6 5. Nf3 a6 6. g3 Bg4 7. h3 Bxf3 8. Qxf3 Nc6 9. Be3 e6 10. Bg2 Qb4
11. O-O-O O-O-O
0-1

[Event "2010 Standard Chess Dropout Tournament, Round 4"]
[Site "SchemingMind.com"]
[Date "2011.01.17"]
[Round "4"]
[White "soundso"]
[Black "thebirdolux"]
[Result "0-1"]
[WhiteCountry "USA"]
[BlackCountry "USA"]
[WhiteElo "1863"]
[WhiteRD "87"]
[BlackElo "2416"]
[BlackRD "83"]
[GameID "273448"]

1. e4 c5 2. Nf3 Nc6 3. d4 cxd4 4. Nxd4 Nf6 5. Nc3 e5 6. Ndb5 d6 7. Bg5 a6 8. Na3 b5 9. Bxf6 gxf6 10. Nd5 f5
11. Bxb5 axb5 12. Nxb5 Ra4 13. Nbc7+ Kd7 14. O-O Rxe4 15. Qh5 Ne7 16. Qxf7 Kc6 17. b4 Qd7 18. b5+ Kb7 19. b6 Nxd5 20. Qxd5+ Qc6
21. Rfb1 Qxd5 22. Nxd5 Ra4 23. a3 Be6 24. Nc7 Bc4 25. Nb5 d5 26. Nc3 Rxa3 27. Rxa3 Bxa3 28. Na4 Ra8 29. Nc3 Bc5 30. g3 d4
31. Nb5 Ra2 32. c3 d3
0-1

[Event "2010 Standard Chess Dropout Tournament, Round 4"]
[Site "SchemingMind.com"]
[Date "2011.01.20"]
[Round "4"]
[White "thebirdolux"]
[Black "Trener"]
[Result "1-0"]
[WhiteCountry "USA"]
[BlackCountry "PAR"]
[WhiteElo "2477"]
[WhiteRD "73"]
[BlackElo "2230"]
[BlackRD "98"]
[GameID "273449"]

1. e4 e5 2. Nf3 Nc6 3. Bb5 a6 4. Ba4 Nf6 5. O-O Be7 6. Re1 b5 7. Bb3 O-O 8. c3 d6 9. d3 Na5 10. Bc2 c5
11. Nbd2 Nc6 12. Nf1 Qc7 13. Ne3 Re8 14. Nd5 Nxd5 15. exd5 Na5 16. b4 cxb4 17. cxb4 Nb7 18. d4 Bg4 19. a4 Bxf3 20. gxf3 Qc3
21. Rb1 Bf6 22. dxe5 dxe5 23. Bb2 Qxb4 24. Bxe5 Qe7 25. d6 Qd8 26. f4 Nc5 27. axb5 Bxe5 28. fxe5 Qg5+ 29. Kh1 Rxe5 30. Qf3 Rxe1+
31. Rxe1 Rf8 32. bxa6 Nxa6 33. Qd3 Qg6 34. Qxg6 hxg6 35. d7 Nc5 36. Re7 Kh7 37. Ba4 Rd8 38. Re8 Rxd7 39. Bxd7 Nxd7 40. Re7 Nf6
41. Rxf7 g5 42. Re7 Kg6 43. Kg2 Ng4 44. Kg3 Kf6 45. Kxg4 Kxe7 46. Kxg5 Kf7 47. h4 Kf8 48. Kg6 Kg8 49. h5 Kh8 50. Kf7
1-0

[Event "2010 Standard Chess Dropout Tournament, Round 4"]
[Site "SchemingMind.com"]
[Date "2011.01.22"]
[Round "4"]
[White "Trener"]
[Black "wayder"]
[Result "1-0"]
[WhiteCountry "PAR"]
[BlackCountry "USA"]
[WhiteElo "2230"]
[WhiteRD "98"]
[BlackElo "1902"]
[BlackRD "100"]
[GameID "273450"]

1. e4 e5 2. Nf3 Nc6 3. Bb5 a6 4. Ba4 d6 5. O-O b5 6. Bb3 h6 7. d4 Bg4 8. Nxe5 dxe5 9. Qxg4 Nf6 10. Qg3 Nxd4
11. Qxe5+ Be7 12. Be3 Nc6 13. Qg3 g6 14. Nc3 Nh5 15. Qf3 Ne5 16. Qe2 Nf6 17. Rad1 Bd6 18. f4 Neg4 19. e5 Nxe3 20. exd6 Ng4
21. Nd5 cxd6 22. Nxe3
1-0

[Event "2010 Standard Chess Dropout Tournament, Round 4"]
[Site "SchemingMind.com"]
[Date "2011.01.20"]
[Round "4"]
[White "wayder"]
[Black "John M. Sargent"]
[Result "0-1"]
[WhiteCountry "USA"]
[BlackCountry "ENG"]
[WhiteElo "1902"]
[WhiteRD "100"]
[BlackElo "2409"]
[BlackRD "93"]
[GameID "273451"]

1. d4 Nf6 2. c4 g6 3. Nc3 d5 4. cxd5 Nxd5 5. e4 Nxc3 6. bxc3 Bg7 7. Nf3 c5 8. Rb1 O-O 9. Be2 cxd4 10. cxd4 Qa5+
11. Qd2 Qxd2+ 12. Bxd2 b6 13. O-O Bb7 14. d5 Rc8 15. Bb4 Kf8 16. d6 exd6 17. e5 Nd7 18. exd6 Rc2 19. Bb5 Bc6 20. Bxc6 Rxc6
21. Rfd1 Rac8 22. Re1 Bf6 23. Rbd1 Re8 24. g4 Rxe1+ 25. Bxe1 Ke8 26. g5 Bg7 27. Bb4 Nf8 28. Re1+ Ne6 29. Nd2 a5 30. Ba3 Rc2
31. Ne4 Rxa2 32. Bc1 Ra1 33. Nf6+ Bxf6 34. gxf6 a4 35. Kg2 Kd7 36. Kf3 a3 37. Ke2 a2 38. Kd2 Rb1
0-1

[Event "2010 Standard Chess Dropout Tournament, Round 4"]
[Site "SchemingMind.com"]
[Date "2011.01.22"]
[Round "4"]
[White "Brennan Price"]
[Black "sthorwall"]
[Result "1/2-1/2"]
[WhiteCountry "USA"]
[BlackCountry "USA"]
[WhiteElo "2209"]
[WhiteRD "97"]
[BlackElo "2212"]
[BlackRD "100"]
[GameID "273458"]

1. e4 e5 2. Nf3 Nc6 3. Bb5 a6 4. Ba4 Nf6 5. O-O Nxe4 6. d4 b5 7. Bb3 d5 8. dxe5 Be6 9. Be3 Be7 10. c3 Qd7
11. Nbd2 Rd8 12. Re1 O-O 13. Bc2 Nxd2 14. Qxd2 Bf5 15. Rad1 Bxc2 16. Qxc2 f6 17. exf6 Bxf6 18. Bg5 Ne7 19. h4 h6 20. Qd3 c5
21. Bxf6 Rxf6 22. Qe3 Ng6 23. Qxc5 Nf4 24. Ne5 Qf5 25. Qd4 Qh5 26. Rd2 Qxh4 27. g3 Qg5 28. Re3 Rdd6 29. b3 a5 30. Nf3 Qg4
31. Qc5 Nh3+ 32. Kf1 Rxf3 33. Qxd6 Rxe3 34. fxe3 Qf3+ 35. Ke1 Qh1+ 36. Ke2 Ng1+ 37. Kd1 Nf3+ 38. Kc2 Nxd2 39. Qe6+=
1/2-1/2

[Event "2010 Standard Chess Dropout Tournament, Round 4"]
[Site "SchemingMind.com"]
[Date "2011.01.22"]
[Round "4"]
[White "sthorwall"]
[Black "PankracyRozumek"]
[Result "1-0"]
[WhiteCountry "USA"]
[BlackCountry "POL"]
[WhiteElo "2211"]
[WhiteRD "99"]
[BlackElo "1843"]
[BlackRD "85"]
[GameID "273459"]

1. e4 Nf6 2. e5 Nd5 3. d4 d6 4. Nf3 dxe5 5. Nxe5 c6 6. Be2 Bf5 7. O-O e6 8. c4 Nb6 9. c5 Nd5 10. Nc3 Nd7
11. Nxd5 Nxe5 12. Ne3 Ng6 13. Nxf5 exf5 14. Qb3 Qc7 15. Bc4 f6 16. Re1+ Be7 17. Bf7+ Kd8 18. Bd2 Rf8 19. Bxg6 hxg6 20. Bf4 Qd7
21. Rad1 g5 22. d5
1-0

[Event "2010 Standard Chess Dropout Tournament, Round 4"]
[Site "SchemingMind.com"]
[Date "2011.01.22"]
[Round "4"]
[White "PankracyRozumek"]
[Black "Brennan Price"]
[Result "0-1"]
[WhiteCountry "POL"]
[BlackCountry "USA"]
[WhiteElo "1843"]
[WhiteRD "85"]
[BlackElo "2204"]
[BlackRD "103"]
[GameID "273460"]

1. Nf3 c5 2. e4 d6 3. g3 Nf6 4. d3 g6 5. Bg2 Bg7 6. O-O O-O 7. e5 Ne8 8. Bf4 Nc6 9. Re1 Bg4 10. c3 dxe5
11. Be3 c4 12. h3 Bxf3 13. Bxf3 cxd3 14. Be4 Qd7 15. Kh2 Rd8 16. Qd2 f5 17. Bg2 e4 18. Na3 Nd6 19. f3 exf3 20. Bxf3 Ne4
21. Qg2 Ne5 22. Rf1 Nxf3+ 23. Qxf3 Be5 24. Bf4 Bxf4 25. Qxf4 d2 26. Rad1 Qe6
0-1

[Event "2010 Standard Chess Dropout Tournament, Round 4"]
[Site "SchemingMind.com"]
[Date "2011.01.18"]
[Round "4"]
[White "auxarlier"]
[Black "BigB"]
[Result "0-1"]
[WhiteCountry "FRA"]
[BlackCountry "SVK"]
[WhiteElo "2054"]
[WhiteRD "113"]
[BlackElo "2398"]
[BlackRD "90"]
[GameID "273461"]

1. d4 Nf6 2. Nf3 c5 3. d5 g6 4. Nc3 Bg7 5. e4 d6 6. Bb5+ Bd7 7. Bxd7+ Nbxd7 8. O-O O-O 9. Re1 a6 10. Bf4 b5
11. h3 Nb6 12. a3 Nfd7 13. Qc1 Nc4 14. Bh6 Bxc3 15. bxc3 Re8 16. a4 bxa4 17. Rxa4 Ndb6 18. Ra2 a5 19. Nd2 a4 20. Nxc4 Nxc4
0-1

[Event "2010 Standard Chess Dropout Tournament, Round 4"]
[Site "SchemingMind.com"]
[Date "2011.01.22"]
[Round "4"]
[White "BigB"]
[Black "C. H. O'D. Schlechter"]
[Result "1-0"]
[WhiteCountry "SVK"]
[BlackCountry "USA"]
[WhiteElo "2402"]
[WhiteRD "93"]
[BlackElo "2387"]
[BlackRD "93"]
[GameID "273462"]

1. e4 e5 2. Nf3 Nc6 3. Bb5 a6 4. Ba4 Nf6 5. O-O b5 6. Bb3 Bb7 7. d3 Be7 8. a4 O-O 9. Re1 d6 10. Nbd2 Na5
11. Ba2 c5 12. Nf1 b4 13. c3 bxc3 14. bxc3 c4 15. Rb1 Bc6 16. Ng3 cxd3 17. Qxd3 Nb7 18. Ba3 g6 19. h3 Qc7 20. Qd2 Bxa4
21. Qh6 Rfb8 22. Nh4 Bf8 23. Qg5 Bg7 24. Ngf5 gxf5 25. Nxf5 Ne8 26. Re3 Nc5 27. Rxb8 Rxb8 28. Nxg7 Qd8 29. Qxd8 Rxd8 30. Nf5 Bb3
31. Rg3+ Kf8 32. Bxb3 Nxb3 33. c4 Na5 34. c5 f6 35. cxd6 Kf7 36. Rc3 Ke6 37. Bb4 Nb7 38. Rc6 a5 39. Ba3 Rd7 40. Ra6 Nexd6
41. f3 Rd8 42. Kf2 Rd7 43. g4 Rd8 44. Kg3 a4 45. f4 Rd7 46. h4
1-0

[Event "2010 Standard Chess Dropout Tournament, Round 4"]
[Site "SchemingMind.com"]
[Date "2011.01.22"]
[Round "4"]
[White "C. H. O'D. Schlechter"]
[Black "Fiesty 50"]
[Result "1/2-1/2"]
[WhiteCountry "USA"]
[BlackCountry "ENG"]
[WhiteElo "2387"]
[WhiteRD "93"]
[BlackElo "2269"]
[BlackRD "94"]
[GameID "273463"]

1. e4 e6 2. d4 d5 3. Nc3 Bb4 4. e5 c5 5. Qg4 Ne7 6. dxc5 Nbc6 7. Qxg7 Rg8 8. Qxh7 d4 9. a3 Qa5 10. Rb1 dxc3
11. Be3 Bd7 12. Nf3 O-O-O 13. Bd3 Bxc5 14. b4 Bxb4 15. axb4 Nxb4 16. Nd4 Nxd3+ 17. Qxd3 Rxg2 18. Qe4 Qd5 19. Qxd5 Nxd5 20. h4 Nxe3
21. fxe3 Bc6 22. Rf1 Bd5 23. Rb4 Rh8 24. Ne2 Rh5 25. Rxf7 Rxe5 26. Rf2 Rxe3 27. Rxg2 Bxg2 28. Kf2 Re5 29. Ng3 Bc6 30. h5 Rg5
31. h6 Rg8 32. Rh4 Kd7 33. h7 Rh8 34. Ke3 Ke7 35. Ne4 Bxe4 36. Kxe4 Kf6 37. Rh3 b6 38. Rf3+ Kg7 39. Rxc3 Rxh7 40. Ke5 Rh2=
1/2-1/2

[Event "2010 Standard Chess Dropout Tournament, Round 4"]
[Site "SchemingMind.com"]
[Date "2011.01.22"]
[Round "4"]
[White "Fiesty 50"]
[Black "Danzino"]
[Result "1-0"]
[WhiteCountry "ENG"]
[BlackCountry "GBR"]
[WhiteElo "2261"]
[WhiteRD "101"]
[BlackElo "2039"]
[BlackRD "97"]
[GameID "273464"]

1. e4 c5 2. Nf3 d6 3. d4 cxd4 4. Nxd4 Nf6 5. Nc3 a6 6. Be2 e5 7. Nb3 Be7 8. O-O O-O 9. Be3 Be6 10. Nd5 Nbd7
11. Qd3 Bxd5 12. exd5 Nc5 13. Nxc5 dxc5 14. c4 e4 15. Qc2 Bd6 16. Bg5 Re8 17. Rad1 Qe7 18. Be3 Qe5 19. g3 Rad8 20. Rfe1 Nd7
21. Bg4 Nf6 22. Bf4 Qe7 23. Bg5 h6 24. Bxf6 Qxf6 25. Rxe4 Rxe4 26. Qxe4 Qxb2 27. Rb1 Qxa2 28. Rxb7 Qa1+ 29. Kg2 Qe5 30. Qf3 Be7
31. Ra7 Rd6 32. Be6 fxe6 33. Rxe7 Qf5 34. Qxf5 exf5 35. Rc7 a5 36. Ra7 Rd8 37. Rxa5 Rc8 38. Ra7 Kf8 39. h4 g6 40. Kf3 Kg8
41. Kf4
1-0

[Event "2010 Standard Chess Dropout Tournament, Round 4"]
[Site "SchemingMind.com"]
[Date "2011.01.22"]
[Round "4"]
[White "Danzino"]
[Black "montinskij"]
[Result "0-1"]
[WhiteCountry "GBR"]
[BlackCountry "USA"]
[WhiteElo "2043"]
[WhiteRD "99"]
[BlackElo "2192"]
[BlackRD "144"]
[GameID "273465"]

1. c4 e5 2. g3 Nf6 3. Bg2 d5 4. cxd5 Nxd5 5. Nf3 Nc6 6. O-O Nb6 7. d3 Be7 8. Nbd2 O-O 9. a3 a5 10. b3 Be6
11. Bb2 f6 12. Qc2 Qd7 13. e3 Bd5 14. Rfd1 Rfd8 15. Nc4 Qg4 16. h3 Qh5 17. e4 Be6 18. g4 Qf7 19. Rac1 h5 20. g5 Nxc4
21. dxc4 fxg5 22. Nxe5 Nxe5 23. Bxe5 Bxa3 24. Ra1 Bb4 25. Rd3 g4 26. hxg4 Bxg4 27. f3 Qe7 28. fxg4 Bc5+ 29. Kh1 Qxe5 30. gxh5 Qxa1+
0-1

[Event "2010 Standard Chess Dropout Tournament, Round 4"]
[Site "SchemingMind.com"]
[Date "2011.01.17"]
[Round "4"]
[White "montinskij"]
[Black "n_antonov"]
[Result "1-0"]
[WhiteCountry "USA"]
[BlackCountry "BUL"]
[WhiteElo "2254"]
[WhiteRD "139"]
[BlackElo "2248"]
[BlackRD "126"]
[GameID "273466"]

1. e4 e5 2. Nf3 Nc6 3. Bb5 a6 4. Ba4 Nf6 5. O-O b5 6. Bb3 Be7 7. Re1 O-O 8. h3 d6 9. c3 Nb8 10. d4 Nbd7
11. Nbd2 c5 12. Nf1 Re8 13. Ng3 Qc7 14. Bc2 Bb7 15. d5 Bf8 16. Nf5 c4 17. Bg5 h6 18. Bd2 Nc5 19. N3h4 Qd8 20. b4 Nd3
21. Bxd3 cxd3 22. Qb1 g6 23. Qxd3 gxf5 24. Nxf5 Nh5 25. a4 bxa4 26. Nxh6+ Bxh6 27. Bxh6 Qf6 28. Bd2 Nf4 29. Qf3 Bc8 30. Bxf4 Qxf4
31. Qh5 Kg7 32. Re3 Rh8 33. Qe2 Bd7 34. c4 Rac8 35. Qc2 Kf8 36. c5 Bb5 37. Rxa4 Bxa4 38. Qxa4 dxc5 39. bxc5 Rb8 40. Qc2 Qh6
41. Ra3
1-0

[Event "2010 Standard Chess Dropout Tournament, Round 4"]
[Site "SchemingMind.com"]
[Date "2011.01.17"]
[Round "4"]
[White "The Stonewall"]
[Black "auxarlier"]
[Result "1/2-1/2"]
[WhiteCountry "ENG"]
[BlackCountry "FRA"]
[WhiteElo "2215"]
[WhiteRD "79"]
[BlackElo "2079"]
[BlackRD "115"]
[GameID "273470"]

1. d4 d5 2. c4 e6 3. Nf3 Nf6 4. Bg5 Nbd7 5. e3 c6 6. Nbd2 Be7 7. Bd3 h6 8. Bh4 O-O 9. O-O Re8 10. Qc2 c5
11. cxd5 Nxd5 12. Bxe7 Qxe7 13. dxc5 Nxc5 14. Bh7+ Kh8 15. Rac1 b6 16. Ne5 Qf6 17. Ndf3 g6 18. Bxg6 fxg6 19. Rfd1 Bb7 20. Nxg6+ Kg7
21. Nge5 Rac8 22. Qb1 Qf5 23. Qa1 Nb4 24. Rc4 Bxf3 25. Nxf3 Ncd3 26. b3+ Kg8 27. Qd4 Rxc4 28. bxc4 e5 29. Qh4 e4 30. Nd4 Qg6
31. Rf1 Ne5 32. a3 Nc2 33. Qh3 Nxd4 34. exd4 Nf3+ 35. Kh1 Nxd4 36. a4 Qe6 37. Qg3+ Kh7 38. Qf4 Re7 39. Rd1 Qxc4 40. Qf6 Rd7
41. Qf4 Qe2 42. Rc1 h5 43. h3 Kg6 44. Qf8 Qd2 45. Qg8+ Rg7 46. Qe8+ Kf6 47. Qd8+ Ke5 48. Qb8+ Kf5 49. Qf8+ Ke6 50. Qe8+ Kd6
51. Qb8+ Kd5 52. Qa8+ Ke5 53. Qb8+ Kf5 54. Qf8+ Ke6 55. Qe8+ Re7 56. Qg8+ Kf6 57. Qf8+ Rf7 58. Qh8+ Ke6 59. Qe8+ Kd6 60. Qd8+ Ke5
61. Qh8+ Ke6 62. Qe8+ Re7 63. Qg8+ Kf6=
1/2-1/2

[Event "2010 Standard Chess Dropout Tournament, Round 5"]
[Site "SchemingMind.com"]
[Date "2011.06.21"]
[Round "5"]
[White "dmichael"]
[Black "Apocalypse"]
[Result "1-0"]
[WhiteCountry "USA"]
[BlackCountry "USA"]
[WhiteElo "2547"]
[WhiteRD "91"]
[BlackElo "2516"]
[BlackRD "107"]
[GameID "286832"]

1. d4 Nf6 2. c4 c5 3. d5 b5 4. cxb5 a6 5. bxa6 g6 6. Nc3 Bxa6 7. Nf3 d6 8. g3 Bg7 9. Bg2 Nbd7 10. Rb1 Nb6
11. b3 O-O 12. O-O Bc8 13. Re1 Nfd7 14. Bb2 Bxc3 15. Bxc3 Rxa2 16. e4 Qc7 17. Ra1 Rxa1 18. Qxa1 f6 19. Bd2 Bb7 20. Qc3 Ra8
21. Nd4 Ra2 22. Ne6 Qc8 23. Rc1 Qa8 24. b4 Bc8 25. Be3 Na4 26. Qc4 Nab6 27. Qb3 c4 28. Qc3 Ra3 29. Qd2 Qa6 30. Nd8 Ne5
31. Nc6 Kf7 32. Nxe5+ fxe5 33. f4 Ra2 34. Qe1 exf4 35. gxf4 Ke8 36. Bf1 Bd7 37. Qc3 Kd8 38. Qd4 Kc7 39. Bxc4 Nxc4 40. Rxc4+ Kb7
41. Rc1
1-0

[Event "2010 Standard Chess Dropout Tournament, Round 5"]
[Site "SchemingMind.com"]
[Date "2011.06.21"]
[Round "5"]
[White "Apocalypse"]
[Black "pjl1015"]
[Result "0-1"]
[WhiteCountry "USA"]
[BlackCountry "USA"]
[WhiteElo "2516"]
[WhiteRD "107"]
[BlackElo "2663"]
[BlackRD "100"]
[GameID "286833"]

1. e4 e6 2. Nf3 d5 3. e5 c5 4. b4 cxb4 5. d4 Qa5 6. Bd2 Nc6 7. a3 Qb6 8. Bc1 Qa5 9. Bd2 f6 10. Bd3 fxe5
11. Nxe5 Nf6 12. c3 Bd6 13. f4 O-O 14. O-O Qb6 15. Kh1 b3 16. Be3 Ne4 17. Nd2 Bxe5 18. fxe5 Rxf1+ 19. Nxf1 Ne7 20. Rb1 Nf5
21. Bxe4 dxe4 22. g4 Nh4 23. Qxb3 Bd7 24. Nd2 Qxb3 25. Nxb3 Rf8 26. Nc5 Bc8 27. Nxe4 b6 28. Nd2 Bb7+ 29. Kg1 Ng2 30. Bg5 h6
31. Be7 Rf7 32. Bb4 Nf4 33. Kf2 Nd5+ 34. Ke1 Ne3 35. h3 Ng2+ 36. Ke2 Nf4+ 37. Kf2 Nxh3+ 38. Kg3 Nf4 39. Re1 a5 40. Bd6 b5
41. Bc5 Bd5 42. Bb6 a4 43. Ba5 Kh7 44. Ne4 Bxe4 45. Rxe4 g5 46. Re1 Kg6 47. Rh1 Ra7 48. Bb4 Rh7 49. Kf2 h5 50. Ba5 h4
51. Rb1 h3 52. Rh1 h2 53. Ke1 Rh4 54. Kf2 Rxg4 55. Rxh2 Rh4 56. Kg1 Rxh2 57. Kxh2 g4 58. Kg3 Kg5 59. Bb4 Nd5 60. Bd6 Nxc3
0-1

[Event "2010 Standard Chess Dropout Tournament, Round 5"]
[Site "SchemingMind.com"]
[Date "2011.06.21"]
[Round "5"]
[White "pjl1015"]
[Black "John M. Sargent"]
[Result "1-0"]
[WhiteCountry "USA"]
[BlackCountry "ENG"]
[WhiteElo "2632"]
[WhiteRD "100"]
[BlackElo "2422"]
[BlackRD "93"]
[GameID "286834"]

1. e4 c5 2. Nf3 d6 3. Bb5+ Bd7 4. Bxd7+ Qxd7 5. O-O Nc6 6. c3 Nf6 7. d3 h6 8. Re1 g5 9. d4 g4 10. d5 gxf3
11. dxc6 Qxc6 12. Qxf3 Rg8 13. Bf4 Rg6 14. Nd2 Bg7 15. Rad1 Nd7 16. Nc4 O-O-O 17. Bg3 Rf8 18. Ne3 Bf6 19. Nf5 Rfg8 20. Nxd6+ exd6
21. Rxd6 Qb5 22. Red1 Rd8 23. R6d5 Rg5 24. R5d2 Be5 25. Bh4 f6 26. Bxg5 hxg5 27. g3 Qa4 28. Qf5 Qc6 29. h4 gxh4 30. gxh4 Qc7
31. Kg2 Rg8+ 32. Kf3
1-0

[Event "2010 Standard Chess Dropout Tournament, Round 5"]
[Site "SchemingMind.com"]
[Date "2011.06.21"]
[Round "5"]
[White "John M. Sargent"]
[Black "khayman"]
[Result "0-1"]
[WhiteCountry "ENG"]
[BlackCountry "ENG"]
[WhiteElo "2422"]
[WhiteRD "91"]
[BlackElo "2501"]
[BlackRD "102"]
[GameID "286835"]

1. e4 c5 2. Nf3 d6 3. Bb5+ Nc6 4. O-O Bd7 5. Re1 Nf6 6. c3 a6 7. Bf1 Bg4 8. d3 e6 9. h3 Bh5 10. Bf4 Be7
11. Nbd2 O-O 12. a3 d5 13. b4 Rc8 14. Rc1 b5 15. Qb3 dxe4 16. dxe4 c4 17. Qc2 h6 18. a4 Bg6 19. Rcd1 Qb6 20. Ra1 Rfd8
21. Qa2 Qb7 22. Bh2 Rd7 23. axb5 axb5 24. Qb2 Ra8 25. Bg3 Rxa1 26. Qxa1 Rd8 27. Qb2 Ra8 28. Qc2 Ra3 29. Ne5 Nxe5 30. Bxe5 Bd8
31. Bd4 Qa6 32. Qc1 Ra2 33. g3 Bb6 34. Bxb6 Qxb6 35. Bg2 Qa7 36. Rf1 Nd7 37. Nb1 Ne5 38. Qe3 Qxe3 39. fxe3 Nd3 40. Rd1 Kf8
41. Rd2 Ra1 42. Rd1 Ke7 43. Kf1 Kf6 44. Bh1 Ke5 45. g4 f5 46. exf5 exf5 47. Bf3 fxg4 48. hxg4 Nxb4
0-1

[Event "2010 Standard Chess Dropout Tournament, Round 5"]
[Site "SchemingMind.com"]
[Date "2011.06.30"]
[Round "5"]
[White "khayman"]
[Black "thebirdolux"]
[Result "1/2-1/2"]
[WhiteCountry "ENG"]
[BlackCountry "USA"]
[WhiteElo "2426"]
[WhiteRD "116"]
[BlackElo "2518"]
[BlackRD "81"]
[GameID "286836"]

1. d4 Nf6 2. c4 e6 3. Nf3 b6 4. g3 Ba6 5. Bg2 Bxc4 6. Nc3 Ba6 7. O-O Be7 8. Ne5 c6 9. Re1 O-O 10. e4 d6
11. Nd3 d5 12. e5 Ne8 13. Nf4 Nd7 14. Qg4 Rc8 15. Bh3 Rc7 16. Be3 g6 17. Rac1 Ng7 18. Qd1 Re8 19. Qa4 Qc8 20. Ncxd5 exd5
21. e6 fxe6 22. Nxe6 Bb5 23. Qxb5 Bf8 24. Nxc7 cxb5 25. Nxd5 Qa8 26. Nc7 Qd8 27. Nxe8 Nxe8 28. Rc6 Ng7 29. Rec1 Nf6 30. Rc8 Qd5
31. Bh6 g5 32. Bxg7 Kxg7=
1/2-1/2